000 00573nam a2200217Ia 4500
003 0100
008 130303s9999 xx 000 0 und d
020 _a232513775
040 _cARRUPELIB
050 _aBX1970.G39131978b
100 _aGelineau, Joseph
245 4 _aThe liturgy today and tomorrow = Demain la liturgie. English
260 _aLondon
260 _bDarton, Longman and Todd
260 _C1978
300 _a123p.
300 _b 22cm.
650 _bAfrican History
700 _aJoseph Gelineau , Title, Demain la liturgie. English
942 0 0 _01
999 _c15179
_d15179